000 00440nam a2200169Ia 4500
001 22508
005 20260414150836.0
008 260414t2011||||xx |||||||||||||| ||spa||
041 _aESP
082 _a621.382
_bC13
100 _aCabezas Pozo, José Damián
_eAUT
245 0 _aInfraestructuras comunes de telecomunicación en viviendas y edificios
_b
260 _c2011
650 _aTCA
654 _aCET
942 _cLIB
_dJUS
_fJUS
_2ddc
_n
999 _c22508
_d22508